<?xml version="1.0" encoding="UTF-8"?><?xml-stylesheet type="text/xsl" href="static/style.xsl"?><OAI-PMH xmlns="http://www.openarchives.org/OAI/2.0/" xmlns:xsi="http://www.w3.org/2001/XMLSchema-instance" xsi:schemaLocation="http://www.openarchives.org/OAI/2.0/ http://www.openarchives.org/OAI/2.0/OAI-PMH.xsd"><responseDate>2026-04-17T05:31:09Z</responseDate><request verb="GetRecord" identifier="oai:www.recercat.cat:2117/83370" metadataPrefix="marc">https://recercat.cat/oai/request</request><GetRecord><record><header><identifier>oai:recercat.cat:2117/83370</identifier><datestamp>2025-07-23T02:08:18Z</datestamp><setSpec>com_2072_1033</setSpec><setSpec>col_2072_452951</setSpec></header><metadata><record xmlns="http://www.loc.gov/MARC21/slim" xmlns:dcterms="http://purl.org/dc/terms/" xmlns:xsi="http://www.w3.org/2001/XMLSchema-instance" xmlns:doc="http://www.lyncode.com/xoai" xsi:schemaLocation="http://www.loc.gov/MARC21/slim http://www.loc.gov/standards/marcxml/schema/MARC21slim.xsd">
   <leader>00925njm 22002777a 4500</leader>
   <datafield ind2=" " ind1=" " tag="042">
      <subfield code="a">dc</subfield>
   </datafield>
   <datafield ind2=" " ind1=" " tag="720">
      <subfield code="a">Raya García, Adrian</subfield>
      <subfield code="e">author</subfield>
   </datafield>
   <datafield ind2=" " ind1=" " tag="260">
      <subfield code="c">2015-07-02</subfield>
   </datafield>
   <datafield ind2=" " ind1=" " tag="520">
      <subfield code="a">El proyecto se centra en una vivienda unifamiliar de 150m2, distribuidos en dos plantas,&#xd;
ubicada en Santiago del Teide, municipio perteneciente a la provincia de Santa Cruz de&#xd;
Tenerife, —Canarias, España—.&#xd;
En el proyecto se desarrollarán las instalaciones necesarias para lograr que la vivienda&#xd;
sea autosuficiente, eficiente y sostenible con el medioambiente.&#xd;
Estimando las necesidades energéticas de la vivienda, se dimensionará el sistema&#xd;
generador fotovoltaico aislado de red, que será el encargado de suministrar la energía&#xd;
necesaria a la vivienda.&#xd;
Para climatizar la vivienda se utilizará un sistema de climatización geotérmica,&#xd;
perfectamente complementario con el sistema generador fotovoltaico, pues éste aportará&#xd;
la energía eléctrica que consume la bomba de calor.&#xd;
Se estudiarán los diferentes componentes y calcularán los parámetros necesarios, para&#xd;
diseñar estas instalaciones, y obtener así, un alto rendimiento y eficiencia, además de&#xd;
ser sostenibles con el medioambiente.&#xd;
Para controlar las instalaciones de la casa se usará la tecnología de la domótica.&#xd;
El resultado de añadir servicios domóticos a la vivienda, estará presente en el ahorro&#xd;
energético, el confort, la seguridad y las comunicaciones.&#xd;
Con la integración de las diferentes instalaciones proyectadas, la vivienda se acercará&#xd;
más a un modelo sostenible energéticamente y eficiente.</subfield>
   </datafield>
   <datafield tag="653" ind2=" " ind1=" ">
      <subfield code="a">Àrees temàtiques de la UPC::Edificació::Instal·lacions i acondicionament d'edificis::Domòtica</subfield>
   </datafield>
   <datafield tag="653" ind2=" " ind1=" ">
      <subfield code="a">Home automation</subfield>
   </datafield>
   <datafield tag="653" ind2=" " ind1=" ">
      <subfield code="a">Eficiencia</subfield>
   </datafield>
   <datafield tag="653" ind2=" " ind1=" ">
      <subfield code="a">Autosuficiencia</subfield>
   </datafield>
   <datafield tag="653" ind2=" " ind1=" ">
      <subfield code="a">Sostenibilidad ambiental</subfield>
   </datafield>
   <datafield tag="653" ind2=" " ind1=" ">
      <subfield code="a">Energía geotérmica</subfield>
   </datafield>
   <datafield tag="653" ind2=" " ind1=" ">
      <subfield code="a">Domótica</subfield>
   </datafield>
   <datafield tag="653" ind2=" " ind1=" ">
      <subfield code="a">Energía fotovoltaica</subfield>
   </datafield>
   <datafield tag="653" ind2=" " ind1=" ">
      <subfield code="a">Domòtica</subfield>
   </datafield>
   <datafield ind2="0" ind1="0" tag="245">
      <subfield code="a">Diseño casa autosuficiente y eficiente con implementación de domótica</subfield>
   </datafield>
</record></metadata></record></GetRecord></OAI-PMH>